000 01291nam0a22002891 4500
001 v19\rc\1771573
005 20061204162349.5
035 _a(NLR Aleph) 004891348
090 _a5274617
_c5274617
100 _a20061204d1903 |||y0rusy50 ca
101 0 _arus
102 _aRU
105 _ae z |||cb
200 1 _aПутеводитель в Саров и по Сарову с приложением краткого очерка истории Саровской пустыни и жизнеописания о. Серафима
_eС планами монастырей
_fН. Щегольков
210 _aНижний Новгород
_cтип. газ. "Волгарь"
_d1903
215 _a45 с., 2 л. план.
_d18
700 1 _aЩегольков
_bН. М.
_f1856-
_gНиколай Михайлович
702 0 _6z01790
_aСерафим Саровский
_cМошнин, Прохор Сидорович
_cиеромонах
_f1759-1833
_2psbo
_3RU\NLR\AUTH\774071
_4570
790 1 _6z01702
_aМошнин
_bП. С.
_f1754 или 1759-1833
_gПрохор Сидорович
801 0 _aRU
_bNLR
_gpsbo
801 0 _aRU
_bRuMoRGB
_2psbo
801 1 _aRU
_bProSoft-M
_2rusmarc
852 _aNLR
_j38.1.1.6
899 _aRuMoRGB
_jJ 61/257
899 _aБАН
942 _cBOOK
980 _aNB